Caesar ; (Record no. 553323)
[ view plain ]
| 000 -LEADER | |
|---|---|
| fixed length control field | 00460nam a2200157 a 4500 |
| 082 ## - DEWEY DECIMAL CLASSIFICATION NUMBER | |
| Classification number | 923.14563 |
| Author Mark | FRO |
| 100 1# - MAIN ENTRY--PERSONAL NAME | |
| Personal name | Froude, James Anthony, |
| 9 (RLIN) | 50578 |
| 245 10 - TITLE STATEMENT | |
| Title | Caesar ; |
| Remainder of title | a sketch / |
| Statement of responsibility, etc. | by James Anthony Froude-- |
| 250 ## - EDITION STATEMENT | |
| Edition statement | New ed. |
| 260 ## - PUBLICATION, DISTRIBUTION, ETC. | |
| Place of publication, distribution, etc. | London ; |
| -- | New York : |
| Name of publisher, distributor, etc. | Longmans, Green and Co., |
| Date of publication, distribution, etc. | 1894. |
| 300 ## - PHYSICAL DESCRIPTION | |
| Extent | xvi, 568 p. ; |
| Dimensions | 20 cm. |
| 500 ## - GENERAL NOTE | |
| General note | Includes index. |
| 526 ## - STUDY PROGRAM INFORMATION NOTE | |
| Program name | 0 |
| Interest level | 0 |
| Reading level | 0 |
| Title point value | 923_145630000000000_FRO |
| 650 ## - SUBJECT ADDED ENTRY--TOPICAL TERM | |
| Topical term or geographic name entry element | MCE |
| 9 (RLIN) | 379 |
| 942 ## - ADDED ENTRY ELEMENTS (KOHA) | |
| Source of classification or shelving scheme | |
| Koha item type | Book |
| Withdrawn status | Lost status | Source of classification or shelving scheme | Damaged status | Not for loan | Permanent Location | Current Location | Shelving location | Date acquired | Total Checkouts | Full call number | Barcode | Date last seen | Price effective from | Koha item type |
|---|---|---|---|---|---|---|---|---|---|---|---|---|---|---|
| Military College of Engineering (MCE) | Military College of Engineering (MCE) | 02/04/2015 | 923.14563 FRO | MCE-ECC/34 | 02/04/2015 | 02/04/2015 | Book |
